| 000 | 00698nam a22002293 4500 | ||
|---|---|---|---|
| 001 | 82766 | ||
| 003 | BD-RjUL | ||
| 005 | 20240124122140.0 | ||
| 008 | 140302s1897 gw 000 0 d | ||
| 020 | _a0708980325 | ||
| 035 | _a(BD-RjUL) 82766 | ||
| 040 |
_aBD-RjUL _beng _cBD-RjUL _dBD-RjUL |
||
| 041 | _aeng | ||
| 082 | 0 | 0 |
_a823.8 _bKIC 1954 _221 |
| 100 | 1 |
_aKipling, Rudyard. _964087 |
|
| 245 | 1 | 0 |
_aCaptains courageous / _b / _cby Rudyard Kipling adapted by Lou P. Bunce ; illustrated by Seymour Fleishman |
| 260 |
_aChicago : _c1953. _bScott, Foreman , |
||
| 300 |
_ccm.15 _a263p. : _bill. ; |
||
| 650 | 0 |
_aChildren of the rich --Fiction. _964088 |
|
| 752 |
_aGermany _dLeipzig |
||
| 942 |
_2ddc _cBK |
||
| 999 |
_c82766 _d82766 |
||